000 00893nam a22002177a 4500
008 160806s2007 es||||| |||| 00| 0 spa d
082 0 4 _a708
_bI651m
100 _aIraheta, Walter.
_95385
245 1 0 _aMis pies son mis alas /
_cWalter Iraheta ; Centro Cultural de España en El Salvador ; textos Anabella Acevedo.
250 _a1a ed.
260 _aEl Salvador :
_bCentro Cultural de España en El Salvador,
_c2007.
300 _a30 p.
_bil. col.
500 _aCatálogo publicado con motivo a la exhibición "Mis pies son mis alas", presentada en el Centro Cultural de España en El Salvador, en setiembre del 2007.
653 1 0 _aArte contemporáneo
653 1 0 _aFotografía
653 1 0 _aCatálogo de exhibición
653 1 0 _aExhibiciones
653 1 0 _aArtistas centroamericanos
700 1 _aAcevedo, Anabella.
_94642
710 1 _aCentro Cultural de España en El Salvador
_95386
999 _c1004
_d1004